000 00986nam a2200313Ia 4500
001 74208
003 IT-RoPAU
008 130308s9999 xx 000 0 und d
040 _aIT-RoPAU
040 _cIT-RoPAU
041 _aITALIANO
100 _aFallace Pasquale
100 _gCodice Aut. SPICS: 25853
245 _aInfluenza della musicoterapia sulla psicomotricità-Esperienza con un gruppo di handicappati psichici istituzionalizzati
245 _bMusicoterapia Realta' & Futuro-Atti del V congresso Mondiale di musicoterapia
250 _a1a ed.
260 _aTORINO
260 _bOmega
260 _c1988 [1° Ed.:1988 - Ed.Ling.Originale:1988]
300 _a"6 p. (prefazione: no ; testo: 6 [pagine: 178-183])"
650 _aSAGGI MUSICALI
650 _eCodice materia Spics: 7011
700 _aGiorgio DomenicoVolpe Enrico
700 _gCodice Aut. SPICS: 25977Codice Aut. SPICS: 25994
942 _cBK
957 _71
999 _c59995
_d59995
999 _bSI
999 _g1